000 00894nam a2200217 a 4500
005 20160510082312.0
008 140227s1998 mx a||||r|||| 001 0 spa d
040 _aCO-BoIAVH
_cCO-BoIAVH
041 0 _aspa
044 _amx
082 0 4 _a526.0285
_bN32s
100 1 _aNavarro Parraud, María del Carmen
_eautor
245 1 0 _aSistemas de información geográfica :
_bteoría introductoria y ejercicios con AutoCAD e IDRISI /
_cMaría del Carmen Navarro Parraud y Gabriel Legorreta Paulìn
260 _a[Ciudad de México?] :
_bUniversidad Nacional Autónoma de México -- Facultad de Ciencias -- Departamento de Biolgía,
_c1998.
300 _a163 páginas :
_bilustraciones ;
_c27 x 21 cm.
650 1 6 _aSistemas de información geográfica
650 2 4 _aAutocad
650 2 4 _aIDRISI
700 1 _aLegorrela Paulín, Gabriel
_eautor
942 _cLIBRO
_2ddc
999 _c1388
_d1388